00996cam a2200229 a 450000100100000000500170001000800410002704000250006808200200009310000440011324501240015726000410028130000260032249000420034850400330039060000600042365000500048370000430053383000480057695201270062499900150075100000129720200929145532.0780620s1950 nyu 000 0aeng  aDO-SdBNPbspacBNPHU a973.3092bF831a1 aFranklin, Benjamín,d1706-1790.9438714aThe autobiography of Benjamín Franklin & selections from his other writings /cintroducción, Henry Steele Commager. aNew York :bModern Library,c[1950]. axxi, 264 p. ;c19 cm.1 aModern library college editions ;v39 aBibliografía : p. xiv-xvi.10aFRANKLIN, BENJAMÍN,d1706-1790xAUTOBIOGRAFÍA94388 4aEstadistaszEstados UnidosxBiografía943891 aCommager, Henry Steele,eintrod.94390 0aModern library college editions ;n3994391 00105470aGRbGRcHDd2009-07-23e002344iLF1l0o973.3092 F831ap1297-10r2020-06-25w2020-06-25y4ZPréstamo en sala c1236d1236